Knowledge management in digital libraries / (Record no. 72181)

MARC details
000 -LEADER
fixed length control field 00876nam a22002417a 4500
005 - DATE AND TIME OF LATEST TRANSACTION
control field 20121214143018.0
008 - FIXED-LENGTH DATA ELEMENTS--GENERAL INFORMATION
fixed length control field 121214t xxu||||| |||| 00| 0 eng d
010 ## - LCCN (DPL NO)
LC control number ENG-106446
020 ## - INTERNATIONAL STANDARD BOOK NUMBER
International Standard Book Number 9788178359182
Terms of availability 850.00
035 ## - SYSTEM CONTROL NUMBER
System control number EN-89979
037 ## - SOURCE OF ACQUISITION
Source of stock number/acquisition DBAD/PUB
040 ## - CATALOGING SOURCE
Original cataloging agency DPL
Language of cataloging Eng
082 ## - DEWEY DECIMAL CLASSIFICATION NUMBER
Classification number 025.00285
100 ## - MAIN ENTRY--PERSONAL NAME
Personal name Dinesh Kumar
9 (RLIN) 54337
245 ## - TITLE STATEMENT
Title Knowledge management in digital libraries /
Statement of responsibility, etc by Dinesh Kumar [and] Arjun
260 ## - PUBLICATION, DISTRIBUTION, ETC. (IMPRINT)
Place of publication, distribution, etc Delhi
Name of publisher, distributor, etc Kalpaz Publications
Date of publication, distribution, etc 2012
270 ## - ADDRESS
Address C-30, Satyawati Nagar
City Delhi
Postal code 110052
300 ## - PHYSICAL DESCRIPTION
Extent 350p. :
Dimensions 23cm(Hb)
Other physical details ill.
500 ## - GENERAL NOTE
General note Includes bibliographical references and index
700 ## - ADDED ENTRY--PERSONAL NAME
Personal name Arjun
9 (RLIN) 54341
942 ## - ADDED ENTRY ELEMENTS (KOHA)
Source of classification or shelving scheme Dewey Decimal Classification
Item type English Books
Classification part 025.00285
Call number suffix DIN
Holdings
Withdrawn status Lost status Source of classification or shelving scheme Damaged status Not for loan Collection code Home library Current library Date acquired Source of acquisition Cost, normal purchase price Total Checkouts Full call number Barcode Date last seen Copy number Cost, replacement price Koha item type
    Dewey Decimal Classification   Not For Loan Non-fiction D.B.Act.Division D.B.Act.Division 14/12/2012 DBAD/PUB 850.00   025.00285 DIN EN-89979 14/12/2012 1 850.00 English Books

© Delhi Public Library
Hit Counter
free hit counter